000 00608nam a2200181Ia 4500
005 20250508162711.0
008 008 250505s9999 xx 000 0 eng d
037 _aReference
040 _aFEDL
_beng
_cFEDL
041 _aeng
_2eng
084 _a370.954, NCE
_qFEDL
245 0 _aThird All-India educational survey: Educational facilities and enrolment (School educaion)
245 0 _cNCERT (New Delhi India)
260 _aNew Delhi, India
_bNational Council of Educational Research and Training
_c1979
300 _axvi,443p
942 _cREF
_h370.954, NCE
999 _c1378141
_d1378141